Pharmaceutical Dosage Forms - Tablets: Unit Operations and Mechanical Properties: 1 (Record no. 8655)

MARC details
000 -LEADER
fixed length control field 00488nam a22001577a 4500
003 - CONTROL NUMBER IDENTIFIER
control field OSt
008 - FIXED-LENGTH DATA ELEMENTS--GENERAL INFORMATION
fixed length control field 200618b ||||| |||| 00| 0 eng d
020 ## - INTERNATIONAL STANDARD BOOK NUMBER
International Standard Book Number 9780849390142
100 ## - MAIN ENTRY--PERSONAL NAME
Personal name Larry L. Augsburger, Stephen W. Hoag
245 ## - TITLE STATEMENT
Title Pharmaceutical Dosage Forms - Tablets: Unit Operations and Mechanical Properties: 1
250 ## - EDITION STATEMENT
Edition statement 3rd
260 ## - PUBLICATION, DISTRIBUTION, ETC. (IMPRINT)
Place of publication, distribution, etc New Delhi
Name of publisher, distributor, etc Informa Health Care CRC Press
Date of publication, distribution, etc 2008
300 ## - PHYSICAL DESCRIPTION
Extent 639
650 ## - SUBJECT ADDED ENTRY--TOPICAL TERM
Topical term or geographic name as entry element Pharmaceutical Dosage form /Cosmetic
942 ## - ADDED ENTRY ELEMENTS (KOHA)
Source of classification or shelving scheme Dewey Decimal Classification
Koha item type Text Books
Holdings
Withdrawn status Lost status Source of classification or shelving scheme Damaged status Not for loan Collection code Home library Current library Shelving location Date acquired Source of acquisition Currency Cost, normal purchase price Bill Number Total Checkouts Full call number Acc. no. / Barcode Date last seen Actual Cost, discounted price Bill Date Koha item type
    Dewey Decimal Classification     B.Pharma PIET C-LIBRARY PIET C-LIBRARY Ref. Sec. R07 09/01/2020 Kirti Praskshan IN Rupees 12150.00 IN5989   615.14 AUP BP542 18/06/2020 9131.25 09/01/2020 Reference Books
    Dewey Decimal Classification     B.Pharma PIET C-LIBRARY PIET C-LIBRARY   09/01/2020 Kirti Praskshan IN Rupees 12150.00 IN5989   615.14 AUP BP543 18/06/2020 9131.25 09/01/2020 Text Books

Design & Developed by: PIET Central Library
R70 Miles Stone Pattikalyana Samalkha Panipat 132102
mail ID :- [email protected], Phone No:- 0180-2569700 Ex.216